Sports Quiz

Random Sports or Auto Racing Quiz

Formula One Season Overview: 1971 Quiz Stats

Quiz not verified by Sporcle

Also try: Pac-12
Challenge
Share
Tweet
Embed
Score 0/150 Timer 14:00
0 Plays Today
% Correct
Emerson Fittipaldi
89.1%
Emerson Fittipaldi
89.1%
Emerson Fittipaldi
89.1%
Emerson Fittipaldi
89.1%
Emerson Fittipaldi
89.1%
Jackie Stewart
88.1%
Jackie Stewart
88.1%
Monaco
88.1%
Jacky Ickx
88.1%
Jackie Stewart
88.1%
Jackie Stewart
88.1%
Jackie Stewart
88.1%
Jackie Stewart
88.1%
Jackie Stewart
88.1%
Jackie Stewart
88.1%
Jackie Stewart
88.1%
Jackie Stewart
88.1%
Jackie Stewart
88.1%
Jackie Stewart
88.1%
Jackie Stewart
88.1%
Jacky Ickx
88.1%
Jacky Ickx
88.1%
Jackie Stewart
88.1%
Jacky Ickx
88.1%
Jackie Stewart
88.1%
Jackie Stewart
88.1%
Jackie Stewart
88.1%
Jacky Ickx
88.1%
Ferrari
88.1%
1
88.1%
Jackie Stewart
88.1%
Jacky Ickx
88.1%
Jacky Ickx
88.1%
Jacky Ickx
88.1%
Silverstone
87.1%
Tyrrell-Ford
87.1%
Lotus-Ford
87.1%
Lotus-Pratt & Whitney
87.1%
2
87.1%
Mario Andretti
86.1%
Mario Andretti
86.1%
Denny Hulme
86.1%
Denny Hulme
86.1%
Mario Andretti
86.1%
Denny Hulme
86.1%
Denny Hulme
86.1%
Graham Hill
86.1%
Denny Hulme
86.1%
6
86.1%
4
86.1%
% Correct
3
86.1%
Graham Hill
86.1%
Denny Hulme
86.1%
Mario Andretti
86.1%
Nurburgring
85.1%
Monza
85.1%
9
85.1%
John Surtees
84.2%
Surtees-Ford
84.2%
John Surtees
84.2%
John Surtees
84.2%
Kyalami
83.2%
Clay Regazzoni
83.2%
Clay Regazzoni
83.2%
Clay Regazzoni
83.2%
Clay Regazzoni
83.2%
McLaren-Ford
83.2%
Niki Lauda
83.2%
Zandvoort
83.2%
Clay Regazzoni
83.2%
François Cevert
81.2%
François Cevert
81.2%
François Cevert
81.2%
François Cevert
81.2%
François Cevert
81.2%
François Cevert
81.2%
Brabham-Ford
81.2%
Watkins Glen
79.2%
Ronnie Peterson
78.2%
Ronnie Peterson
78.2%
Ronnie Peterson
78.2%
Ronnie Peterson
78.2%
Ronnie Peterson
78.2%
Ronnie Peterson
78.2%
Ronnie Peterson
78.2%
Matra
77.2%
BRM
75.2%
Chris Amon
74.3%
Osterreichring
74.3%
Chris Amon
74.3%
Chris Amon
74.3%
Chris Amon
74.3%
Chris Amon
74.3%
79 laps
74.3%
75 laps
74.3%
80 laps
74.3%
70 laps
74.3%
Chris Amon
74.3%
55 laps
73.3%
68 laps
73.3%
% Correct
54 laps
73.3%
55 laps
73.3%
64 laps
73.3%
59 laps
73.3%
Paul Ricard
72.3%
March-Ford
72.3%
March-Alfa Romeo
72.3%
Pedro Rodriguez
71.3%
12 laps
71.3%
Pedro Rodriguez
71.3%
Pedro Rodriguez
71.3%
Jo Siffert
70.3%
Jo Siffert
70.3%
Jo Siffert
70.3%
Jo Siffert
70.3%
Jo Siffert
70.3%
Jo Siffert
70.3%
Jo Siffert
70.3%
Jean-Pierre Beltoise
69.3%
Jean-Pierre Beltoise
69.3%
Mosport Park
68.3%
Montjuic
66.3%
Peter Gethin
63.4%
Henri Pescarolo
53.5%
Mike Hailwood
53.5%
Henri Pescarolo
53.5%
Henri Pescarolo
53.5%
Henri Pescarolo
53.5%
Derek Bell
48.5%
Rolf Stommelen
47.5%
Rolf Stommelen
47.5%
Reine Wisell
44.6%
Reine Wisell
44.6%
Reine Wisell
44.6%
Reine Wisell
44.6%
Tim Schenken
41.6%
Tim Schenken
41.6%
Howden Ganley
39.6%
Howden Ganley
39.6%
Jackie Oliver
39.6%
Helmut Marko
34.7%
Gijs van Lennep
34.7%
Mark Donohue
33.7%
Mark Donohue
33.7%
Vic Elford
15.8%
David Hobbs
15.8%
Bellasi-Ford
14.9%
Sam Posey
13.9%
Chris Craft
9.9%
George Eaton
8.9%

You're not logged in!

Compare scores with friends on all Sporcle quizzes.
Sign Up with Email
OR
Log In

You Might Also Like...

Show Comments

Extras

Top Quizzes Today


Score Distribution

Your Account Isn't Verified!

In order to create a playlist on Sporcle, you need to verify the email address you used during registration. Go to your Sporcle Settings to finish the process.